| 000 | 00607nam a22001937a 4500 | ||
|---|---|---|---|
| 999 |
_c189393 _d189393 |
||
| 005 | 20220628111858.0 | ||
| 010 | _aENG-133401 | ||
| 020 |
_a9789380283760 _c975.00 |
||
| 035 | _aEN-116933 | ||
| 037 | _bDBAD/PUB | ||
| 082 | _a070.920954 | ||
| 100 | _aVerghese, B.G | ||
| 245 |
_aFirst Draft: _bWitness to the Making of Modern India/ _cB.G. Verghese |
||
| 260 |
_aNew Delhi _bTranquebar Press _c2013 |
||
| 270 |
_a47, Brij Mohan Road, Daryaganj _bNew Delhi _e110002 |
||
| 300 |
_axiv,573p. _c25cm(hb) _bIndex |
||
| 700 | _aAsha Rajvanshi [et. al...] | ||
| 942 |
_2ddc _cEN _h070.920954 _mVER |
||